[Event "FRA-chT U20 GpB 1213"]
[Site "France"]
[Date "2012.12.03"]
[Round "3"]
[White "Conan, Perceval"]
[Black "Hadji, Rasla"]
[Result "1-0"]
[WhiteElo "1260"]
[BlackElo "1240"]
[PlyCount "69"]
[EventDate "2012.12.01"]
[EventType "team"]
[EventRounds "7"]
[EventCountry "FRA"]
[SourceTitle "EXT 2014"]
[Source "ChessBase"]
[SourceDate "2013.11.20"]
[SourceVersion "1"]
[SourceVersionDate "2013.11.20"]
[SourceQuality "1"]
[WhiteTeam "Lutece (U20)"]
[BlackTeam "Clichy (U20)"]
[WhiteTeamCountry "FRA"]
[BlackTeamCountry "FRA"]

1. e4 e5 2. Nf3 Nc6 3. Nc3 Nf6 4. Bb5 Nd4 5. Nxe5 Qe7 6. Nf3 Nxe4 7. Nxe4 Qxe4+ 8. Be2 Nxc2+ 9. Kf1 Nxa1 10. d3 Qc6 11. Nd4 Qf6 12. Be3 Bc5 13. Nb5 Qb6 14. Bxc5 Qxc5 15. Nc3 0-0 16. Qxa1 b6 17. Bf3 Rb8 18. Ne4 Qc2 19. g3 Qxd3+ 20. Kg2 Bb7 21. Ng5 h6 22. Bxb7 Rxb7 23. Nf3 Qd5 24. Qe1 Qxa2 25. Qe7 d5 26. Qe5 c5 27. Nh4 f6 28. Qe6+ Rff7 29. Qc8+ Kh7 30. Qf5+ Kg8 31. Re1 Rb8 32. Ng6 Kh7 33. Nf8+ Kg8 34. Qh7+ Kxf8 35. Qh8# 1-0